000
00273nam a2200121Ia 4500
005
20251222143247.0
008
251222s9999||||xx |||||||||||||| ||spa||
082
_a
263.1/G84/1989
100
_a
Guardini, Romano
245
0
_a
Jesucristo:
264
_b
Lumen
942
_c
LIB
999
_c
14796
_d
14796